00453nam a22001577a 4500003000400000005001700004008004100021020001800062040001000080082001700090100002000107245004600127260003300173300001000206650007900216OSt20250423145748.0250423b |||||||| |||| 00| 0 eng d a3-7966-1065-X cSBCL  a834 bFRE-M  aFrenz,Albrecht  aIn Meinem Land Leben Verschiedene Volker  aOstfildern bSchwabenverlag  a128p. 2 Literature & rhetorica Literatures of Germanic languagesv German essays